Mystery Taylor Swift Song #74 - Statistics

General Stats
  • This quiz has been taken 376 times
  • The average score is 88 of 172
Answer Stats
Song % Correct
a
96%
I
96%
the
94%
you
93%
me
90%
we
90%
And
89%
your
89%
to
88%
in
87%
Midnights
87%
be
86%
it
86%
My
86%
on
85%
no
84%
were
83%
we're
83%
go
82%
one
82%
that
82%
So
81%
was
81%
of
80%
is
79%
for
78%
not
78%
like
76%
All
75%
But
72%
If
72%
it's
72%
as
69%
her
69%
can
68%
Great
68%
huh
68%
War
68%
did
67%
I'd
67%
never
66%
with
66%
been
65%
said
65%
some
65%
at
64%
have
64%
up
63%
got
62%
hand
62%
Say
61%
back
60%
Cause
59%
survived
59%
Always
58%
from
58%
reached
58%
down
57%
night
57%
over
57%
The Great War
57%
would
56%
off
55%
throughout
55%
haze
54%
Uh
54%
bigger
52%
come
52%
cry
52%
bruised
51%
clover
51%
crimson
51%
into
51%
something
51%
anymore
50%
that's
50%
good
49%
knuckles
49%
thought
49%
violets
49%
will
49%
bloodshed
48%
maybe
48%
yours
48%
remember
47%
things
47%
vowed
47%
lost
46%
sense
46%
Somewhere
46%
took
46%
turned
46%
sweet
45%
betrayed
44%
hair
44%
Looked
44%
battle
43%
more
43%
really
43%
dream
42%
blur
40%
close
40%
ego
40%
fire
40%
nearly
40%
playin'
40%
talked
40%
tears
40%
cursed
39%
fight
39%
alone
38%
desire
38%
diesel
38%
drew
38%
freely
38%
letter
38%
sleep
38%
There's
38%
trust
38%
wasn't
38%
closed
36%
curtains
36%
Flashes
36%
silence
36%
swinging
36%
truth
36%
underground
36%
walls
36%
blue
35%
called
35%
faith
35%
memory
35%
pin
35%
punching
35%
finger
34%
ground
34%
justified
34%
poison
34%
Sucker
34%
talkin'
34%
treaties
34%
drank
33%
honor
33%
Tellin'
33%
tomb
33%
Broken
32%
icy
32%
past
32%
place
32%
punish
32%
Screamin'
32%
Spineless
32%
poppy
31%
triggers
31%
banners
30%
crypt
30%
garden
30%
plant
30%
fair
29%
prayer
28%
troops
28%
Tore
27%
morning
26%
bombs
25%
glory
25%
Soldier
25%
worst
25%
solemn
24%
better
23%
burning
22%
embers
20%
burned
14%
No matching quizzes found
Score Distribution
Percent of People with Each Score
Percentile by Number Answered
Your Score History
You have not taken this quiz